000
00286nam a2200085Ia 4500
245
0
_a
One woman walking : love, loss and liberation : a journey through divorce
100
_a
BOSCH, Andree [Bellevue, South Africa
_9
77313
942
_c
BK
008
210817s9999 xx 000 0 und d
999
_c
263626
_d
263625